000 00635nam a22002297a 4500
003 UA-OsUOA
001 98906
007 ta
008 20130422b un ||||| |||| 00| 0 ukr d
100 _aТаварес Р.
090 _a821.161.1
_bТ12
942 _cBK
040 _aUA-OsUOA
_brus
_cUA-OsUOA
_dUA-OsUOA
245 _aСуррогат счастья
_bновеллы
300 _a398 с.
955 _a3
041 _arus
080 _a821.161.1
260 _aМ.
_bХудожественная литература
_c1977
650 7 _a82 Література. Літературознавство
_2UDC
999 _c384754
_d384754